One Of These Things Is Not Like The Other: Religion Quiz Stats

 Plays Quiz not verified by Sporcle

Score 0/20 Timer 05:00
1 Play Today
Question Answer Wrong Answers
Which of the following is NOT one of the holy cities of Sunni Islam: Sepphoris
65.7%
Jerusalem
12.6%
Mecca
3%
Medina
8.2%
Which of the following is NOT one of the books of the Old Testament: James
63.9%
Habakkuk
15.5%
Zephaniah
6%
Obadiah
5%
Which of the following is NOT one of the books of the Old Testament: Acts
57.5%
Lamentations
16.2%
Proverbs
6.6%
Psalms
9.5%
Which of the following is NOT a Hindu festival: Mahamastakabhisheka
56.6%
Diwali
8.9%
Vijayadashami
12.8%
Mahashivrati
10.5%
Which of the following is NOT one of the Five Pillars of Sunni Islam: Mudarabah
48.7%
Shahada
15.2%
Zakāt
17.2%
Hajj
8.3%
Which of the following is NOT one of the five colours on the Jain flag: Purple
48.3%
Red
9%
Yellow
10.7%
Black
21.8%
Which of the following is NOT one of the books of the New Testament: Daniel
46.4%
Philemon
17.7%
Jude
11%
Titus
14.2%
Which of the following is NOT one of the books of the New Testament: Ecclesiastes
46.2%
Hebrews
24.8%
Colossians
13.4%
Ephesians
6.4%
Which of the following is NOT one of the main eight festivals on the Wheel of the Year: Walpurgisnacht
45.5%
Samhain
12%
Ostara
17.1%
Beltane
14.3%
Which of the following is NOT one of the three main tenets of Zoroastrianism: Ameshaspenta (Good Mind)
42.3%
Humata (Good Thoughts)
16.4%
Hukhta (Good Words)
20.3%
Huvarshta (Good Deeds)
9.9%
Which of the following is NOT one of the four traditional Hindu Āśramas: Grabhgriya
35.9%
Brahmacharya
19.5%
Vanaprastha
12.2%
Grihastha
21.4%
Which of the following has NOT been a Papal name, at least once: Severus
26.9%
Hilarius
25.1%
Lando
31.3%
Valentine
7.9%
Which of the following is NOT one of the Four Noble Truths in Buddhism: Pranja
26.8%
Dukkha
22.3%
Samudaya
18%
Nirodha
22.7%
Which of the following is NOT one of the Upper Seven Shrines in Shinto: Yokohama Jinja
25.8%
Hirano Jinja
12.8%
Ise Jingū
16.4%
Iwashimizu Hachiman-gū
34.1%
Which of the following is NOT one of the four books of Confucianism: Tao Te Ching
24.9%
Lun Yu
20.9%
Ta Hsueh
17.6%
Chung Yung
26%
Which of the following is NOT one of the three parts of the universe in Jain cosmology: deva loka
23.8%
madhya loka
20.8%
urdhva loka
19.4%
adho loka
24.9%
Which of the following is NOT one of the major ten Sikh Gurus: Guru Dasam Granth
21.1%
Guru Nanak
17.3%
Guru Ram Das
23.1%
Guru Har Krishan
28.3%
Which of the following is NOT one of the practices of the Noble Eightfold Path in Buddhism: Right Belief
21%
Right View
30.5%
Right Speech
12.8%
Right Effort
24.9%
Which of the following is NOT one of the four holy cities of Judaism: Nazareth
20.9%
Jerusalem
2.8%
Tiberias
48.6%
Hebron
17.8%
Which of the following has NOT been a Papal name, at least once: Bartholomew
17.4%
Paschal
20.4%
Agatho
25.1%
Donus
27.7%

You're not logged in!

Compare scores with friends on all Sporcle quizzes.
OR
Log In

You Might Also Like...

Show Comments

Extras

Top Quizzes Today


Score Distribution

Your Account Isn't Verified!

In order to create a playlist on Sporcle, you need to verify the email address you used during registration. Go to your Sporcle Settings to finish the process.

Report this User

Report this user for behavior that violates our Community Guidelines.

Details: